[Event "2017 Australian Open Championship"]
[Site "Brisbane AUS"]
[Date "2017.01.03" ]
[Round "2.41"]
[White "Ahmer, Axel"]
[Black "Kebbedies, Frank"]
[Result "0-1"]
[WhiteElo "1638"]
[BlackElo "1828"]
[PlyCount "70"]

1. e4 Nf6 2. e5 Nd5 3. d4 d6 4. exd6 cxd6 5. Nf3 g6 6. Be2 Bg7 7. O-O O-O 8. c4
Nb6 9. Nc3 Nc6 10. h3 Bf5 11. Be3 d5 12. b3 Be4 13. c5 Nc8 14. Qd2 Bxf3 15.
Bxf3 e6 16. Ne2 N8e7 17. Ng3 e5 18. dxe5 Bxe5 19. Rad1 d4 20. Bg5 Qc7 21. Ne4
f6 22. Bh6 Rfd8 23. Be2 d3 24. Bxd3 Nf5 25. Bc4+ Kh8 26. Qc1 Rxd1 27. Rxd1 Rd8
28. Rxd8+ Qxd8 29. Bd2 Qd4 30. Qe1 Kg7 31. Bc3 Qd8 32. Bxe5 Nxe5 33. Qd2 Nd4
34. Bd5 Ndf3+ 35. gxf3 Nxf3+ 0-1

[Event "2017 Australian Open Championship"]
[Site "Brisbane AUS"]
[Date "2017.01.03" ]
[Round "2.42"]
[White "Mather, Andrew"]
[Black "Dickson, Ian"]
[Result "1-0"]
[WhiteElo "1822"]
[BlackElo "1672"]
[PlyCount "33"]

1. d4 d5 2. Bf4 e6 3. Nf3 Bd6 4. Bg3 Bxg3 5. hxg3 Ne7 6. e3 Ng6 7. Bd3 Nd7 8.
Nbd2 O-O 9. Ne5 Ndxe5 10. dxe5 c5 11. Qh5 h6 12. Bxg6 fxg6 13. Qxg6 Kh8 14.
Rxh6+ gxh6 15. Qxh6+ Kg8 16. Qg6+ Kh8 17. O-O-O 1-0

[Event "2017 Australian Open Championship"]
[Site "Brisbane AUS"]
[Date "2017.01.03" ]
[Round "2.44"]
[White "Holt, Stuart"]
[Black "Behne-Smith, Jonathon"]
[Result "1-0"]
[WhiteElo "1813"]
[BlackElo "1653"]
[PlyCount "82"]

1. e4 c6 2. d4 d5 3. exd5 cxd5 4. Bd3 Nc6 5. c3 Nf6 6. Bf4 Bg4 7. Qb3 Qd7 8.
Nd2 Nh5 9. Be3 e5 10. dxe5 Nxe5 11. Bb5 Nc6 12. Ngf3 Qd6 13. Rd1 Nf6 14. h3 Be6
15. Qa4 Be7 16. Bf4 Qc5 17. Bc7 a6 18. Nd4 O-O 19. Bxc6 bxc6 20. Qxc6 Rac8 21.
Qxc5 Bxc5 22. Ba5 Bd7 23. O-O Ne4 24. N4b3 Bxf2+ 25. Rxf2 Nxf2 26. Kxf2 Rb8 27.
Nf3 Ba4 28. Nfd4 f5 29. Re1 Bxb3 30. axb3 Rfe8 31. Rxe8+ Rxe8 32. Bb4 f4 33. h4
h6 34. Kf3 g5 35. Nf5 Kh7 36. Ne7 d4 37. cxd4 Rb8 38. Nc6 Rc8 39. d5 a5 40. Bc3
Rc7 41. d6 Rd7 {Text after move illegible} 1-0

[Event "2017 Australian Open Championship"]
[Site "Brisbane AUS"]
[Date "2017.01.03" ]
[Round "2.45"]
[White "Jempson, Ross"]
[Black "Glissan, Paul"]
[Result "0-1"]
[WhiteElo "1576"]
[BlackElo "1787"]
[PlyCount "60"]

1. Nf3 Nf6 2. c4 d6 3. d4 g6 4. Nc3 Bg7 5. e4 O-O 6. Be2 Nc6 7. O-O e5 8. d5
Ne7 9. Ne1 Ne8 10. Be3 f5 11. f3 f4 12. Bf2 g5 13. g4 Ng6 14. c5 Nf6 15. cxd6
cxd6 16. Rc1 Rf7 17. Qc2 Bd7 18. Qb3 b6 19. Nd3 h5 20. h3 Bf8 21. Nb4 hxg4 22.
hxg4 Nxg4 23. fxg4 f3 24. Bb5 Bxb5 25. Nxb5 Qd7 26. Bg3 Qxg4 27. Kf2 Nf4 28.
Rg1 Nh3+ 29. Ke3 Nxg1 30. Rxg1 f2 0-1

[Event "2017 Australian Open Championship"]
[Site "Brisbane AUS"]
[Date "2017.01.03" ]
[Round "2.46"]
[White "Korenevsi, Oleg"]
[Black "Cronin, Peter"]
[Result "1/2-1/2"]
[WhiteElo "1782"]
[BlackElo "1635"]
[PlyCount "32"]

1. e4 e6 2. d4 c5 3. d5 d6 4. c4 Ne7 5. Nf3 Ng6 6. h4 Be7 7. h5 Nf8 8. Nc3 e5
9. Be3 Bg4 10. Be2 Bxf3 11. Bxf3 Bg5 12. Qd2 h6 13. Bg4 Nbd7 14. Bxd7+ Nxd7 15.
g4 f6 16. f3 O-O 1/2-1/2

[Event "2017 Australian Open Championship"]
[Site "Brisbane AUS"]
[Date "2017.01.03" ]
[Round "2.47"]
[White "Slater-Jones, Henry"]
[Black "Davidovici, Victor"]
[Result "1-0"]
[WhiteElo "1766"]
[BlackElo "1603"]
[PlyCount "91"]

1. d4 d5 2. c4 Nf6 3. cxd5 Nxd5 4. e4 Nf6 5. Nc3 e6 6. Bg5 Be7 7. Nf3 O-O 8.
Qc2 Nbd7 9. e5 Nd5 10. Nxd5 exd5 11. Bxe7 Qxe7 12. Qxc7 Qb4+ 13. Qc3 Qxc3+ 14.
bxc3 Re8 15. Kd2 f6 16. Bb5 fxe5 17. Nxe5 Re7 18. Nxd7 Bxd7 19. Bd3 Kf7 20.
Rhe1 Be6 21. Re5 g6 22. f4 Rae8 23. Rae1 a6 24. f5 gxf5 25. Bxf5 Kf6 26. Rxe6+
Rxe6 27. Rxe6+ Rxe6 28. Bxe6 Kxe6 29. Ke3 Kf5 30. Kf3 h5 31. g3 b5 32. a3 Kg5
33. h3 Kf5 34. g4+ hxg4+ 35. hxg4+ Kg5 36. Kg3 Kg6 37. Kf4 Kf6 38. g5+ Kg6 39.
Ke5 Kxg5 40. Kxd5 Kf5 41. Kc6 Ke4 42. d5 Kd3 43. d6 Kxc3 44. d7 Kb3 45. d8=Q
Kxa3 46. Qa5+ 1-0

[Event "2017 Australian Open Championship"]
[Site "Brisbane AUS"]
[Date "2017.01.03" ]
[Round "2.48"]
[White "Braganza, Nadia"]
[Black "Hamilton, Don"]
[Result "0-1"]
[WhiteElo "1489"]
[BlackElo "1764"]
[PlyCount "152"]

1. e4 d6 2. Nf3 Nf6 3. Nc3 e5 4. Bc4 Be7 5. O-O O-O 6. h3 c6 7. Bb3 b5 8. d3
Nbd7 9. Ne2 Nc5 10. c3 Nxb3 11. Qxb3 Qc7 12. Ng3 Be6 13. Qc2 Rfe8 14. d4 Rad8
15. Be3 a5 16. Rfd1 a4 17. Bg5 h6 18. Bxf6 Bxf6 19. d5 cxd5 20. exd5 Bc8 21.
Ne4 Be7 22. Qe2 f5 23. Ng3 Qd7 24. c4 bxc4 25. Qxc4 Kh7 26. Qc6 Qxc6 27. dxc6
g6 28. Rd5 Be6 29. Ra5 Ra8 30. Rxa8 Rxa8 31. a3 Rc8 32. Rc1 Rc7 33. Ne2 Bd5 34.
Nc3 Rxc6 35. Rd1 Bb3 36. Rd2 Kg7 37. Re2 Kf7 38. Rxe5 Bf6 39. Re3 Rc5 40. Rd3
d5 41. Nd2 Bc2 42. Rxd5 Rxd5 43. Nxd5 Bxb2 44. Nc4 Bc1 45. Nc3 Bb3 46. Ne2 Bg5
47. Na5 Bf6 48. Kf1 Bc2 49. Ke1 Be7 50. Nc4 Bb3 51. Na5 Be6 52. Kd2 Bxa3 53.
Kc2 Bf8 54. Nc3 a3 55. Kb1 Bb4 56. Nb5 a2+ 57. Ka1 Bxa5 58. g3 Be1 59. f4 Bxg3
60. Nc3 Bxf4 61. Nxa2 Be5+ 62. Kb1 Bxa2+ 63. Kxa2 f4 64. Kb3 f3 65. Kc4 f2 66.
Kd5 Kf6 67. Ke4 f1=Q 68. Kd5 Qb5+ 69. Ke4 Qc4+ 70. Kf3 Qd3+ 71. Kf2 Kf5 72. h4
h5 73. Kg2 Qe2+ 74. Kg1 Bd4+ 75. Kh1 Qf1+ 76. Kh2 Be5# 0-1

[Event "2017 Australian Open Championship"]
[Site "Brisbane AUS"]
[Date "2017.01.03" ]
[Round "2.49"]
[White "Zheng, Marco Le Lun"]
[Black "Littleboy, Bruce"]
[Result "1-0"]
[WhiteElo "1753"]
[BlackElo "1427"]
[PlyCount "43"]

1. e4 g6 2. d4 Bg7 3. c4 c5 4. Be3 Qb6 5. Nc3 cxd4 6. Nd5 Qa5+ 7. b4 Qd8 8.
Bxd4 e5 9. Bb2 Ne7 10. Nf3 d6 11. Bd3 O-O 12. O-O Nxd5 13. cxd5 a5 14. a3 Bg4
15. h3 Bxf3 16. Qxf3 Qb6 17. Bc1 axb4 18. Be3 Qd8 19. axb4 Nd7 20. Bb5 Nf6 21.
Bg5 h6 22. Rxa8 1-0